[Event "FRA-chT3 0405"]
[Site "France"]
[Date "2005.01.09"]
[Round "5"]
[White "Gaste, Loic"]
[Black "Lemoine, Cedric"]
[Result "1/2-1/2"]
[WhiteElo "2117"]
[BlackElo "1930"]
[PlyCount "42"]
[EventDate "2004.10.10"]
[EventType "team"]
[EventRounds "9"]
[EventCountry "FRA"]
[SourceTitle "EXT 2007"]
[Source "ChessBase"]
[SourceDate "2006.11.23"]
[SourceVersion "1"]
[SourceVersionDate "2006.11.23"]
[SourceQuality "1"]

1. g3 d5 2. Bg2 Nf6 3. Nf3 g6 4. b3 Bg7 5. Bb2 0-0 6. 0-0 Re8 7. c4 e6 8. d4 c6 9. Nbd2 Nbd7 10. Qc2 b6 11. e4 dxe4 12. Nxe4 Nxe4 13. Qxe4 Bb7 14. Rad1 Qc7 15. Ne5 Nxe5 16. dxe5 Rab8 17. Rd3 c5 18. Qe2 Bxg2 19. Kxg2 Red8 20. Rfd1 Rxd3 21. Rxd3 Rd8 1/2-1/2